00250nam a22000857a 4500008004100000082002000041245003900061260005600100300000800156230626b xxu||||| |||| 00| 0 eng d a328.3bNOV 1989 aThe Soviet Parliament: First Steps aMoscowbNovosti Press Agency Publishing Housec1989 a79p